| 000 | 00440nam a2200181Ia 4500 | ||
|---|---|---|---|
| 001 | 13052 | ||
| 005 | 20260306163025.0 | ||
| 008 | 260306t2012||||xx |||||||||||||| ||spa|| | ||
| 041 | _aESP | ||
| 082 |
_aRD 658.3003 _bT. 2 2009 A43N |
||
| 100 |
_aAlles, Martha Alicia _eAUT |
||
| 245 | 0 |
_aDiccionario de comportamientos: _bla trilogĂa |
|
| 260 | _c2012 | ||
| 300 |
_a _c |
||
| 650 | _aGEN | ||
| 654 | _aCAN | ||
| 942 |
_cDIC _dJUS _fJUS _2ddc _n |
||
| 999 |
_c13052 _d13052 |
||